| 000 | 00488cam a2200181ua 4500 | ||
|---|---|---|---|
| 020 | _a81-7391-254-8 | ||
| 041 |
_aeng _h |
||
| 082 |
_a664.0068 _bJAG/FO |
||
| 100 | _aJagmohan, Negi . | ||
| 245 |
_aFood and beverage Management and cost control / _cJagmohan negi. _hTextual Documents |
||
| 260 |
_aNewdelhi : _bKanishka publishers,Distributors , _c1999. |
||
| 300 | _a397 ; . | ||
| 500 | _a**Reference | ||
| 504 | _a | ||
| 942 | _cBK | ||
| 999 |
_c11245 _d11245 |
||